|
|
|
|
| LEADER |
01597nam a2200409 a 4500 |
| 001 |
EBC459457 |
| 003 |
MiAaPQ |
| 005 |
20200520144314.0 |
| 006 |
m o d | |
| 007 |
cr cn||||||||| |
| 008 |
070523s2007 dcuab sb i000 0 eng d |
| 010 |
|
|
|z 2007297067
|
| 020 |
|
|
|z 0821370030
|
| 020 |
|
|
|z 9780821370032
|
| 020 |
|
|
|a 0821370049 (electronic bk.)
|
| 020 |
|
|
|a 9780821370049 (electronic bk.)
|
| 035 |
|
|
|a (MiAaPQ)EBC459457
|
| 035 |
|
|
|a (Au-PeEL)EBL459457
|
| 035 |
|
|
|a (CaPaEBR)ebr10170134
|
| 035 |
|
|
|a (CaONFJC)MIL81942
|
| 035 |
|
|
|a (OCoLC)935270868
|
| 040 |
|
|
|a MiAaPQ
|c MiAaPQ
|d MiAaPQ
|
| 043 |
|
|
|a d------
|
| 050 |
|
4 |
|a HE148.5
|b .W67 2007
|
| 082 |
0 |
4 |
|a 388/.0490971724
|2 22
|
| 110 |
2 |
|
|a World Bank.
|b Independent Evaluation Group.
|
| 245 |
1 |
2 |
|a A decade of action in transport
|h [electronic resource] :
|b an evaluation of World Bank assistance to the transport sector, 1995-2005 /
|c World Bank Independent Evaluation Group.
|
| 260 |
|
|
|a Washington, D.C. :
|b World Bank,
|c 2007.
|
| 300 |
|
|
|a xxxi, 176 p. :
|b col. ill., map.
|
| 504 |
|
|
|a Includes bibliographical references (p. 171-176).
|
| 533 |
|
|
|a Electronic reproduction. Ann Arbor, MI : ProQuest, 2015. Available via World Wide Web. Access may be limited to ProQuest affiliated libraries.
|
| 610 |
2 |
0 |
|a World Bank
|x Evaluation.
|
| 650 |
|
0 |
|a Transportation
|z Developing countries
|x Evaluation.
|
| 650 |
|
0 |
|a Economic assistance
|x Evaluation.
|
| 655 |
|
4 |
|a Electronic books.
|
| 710 |
2 |
|
|a ProQuest (Firm)
|
| 856 |
4 |
0 |
|u https://ebookcentral.proquest.com/lib/matrademy/detail.action?docID=459457
|z Click to View
|